[Event "CZE-chT2e 0607"]
[Site "Czech Republic"]
[Date "2007.03.25"]
[Round "10.1"]
[White "Mudrak, Josef"]
[Black "Kozak, Petr"]
[Result "1/2-1/2"]
[WhiteElo "2343"]
[BlackElo "2157"]
[PlyCount "34"]
[EventDate "2006.10.15"]
[EventType "team"]
[EventRounds "11"]
[EventCountry "CZE"]
[SourceTitle "EXT 2009"]
[Source "ChessBase"]
[SourceDate "2008.11.26"]
[SourceVersion "1"]
[SourceVersionDate "2008.11.26"]
[SourceQuality "1"]

1. d4 Nf6 2. Nf3 g6 3. g3 d5 4. Bg2 Bg7 5. 0-0 0-0 6. c4 dxc4 7. Na3 c3 8. bxc3 c5 9. Ne5 Nc6 10. Nxc6 bxc6 11. Qa4 Be6 12. Bxc6 Nd5 13. Bd2 cxd4 14. cxd4 Nb6 15. Qa6 Rc8 16. Bb7 Qxd4 17. Rad1 Rcd8 1/2-1/2

[Event "CZE-chT2e 0607"]
[Site "Czech Republic"]
[Date "2006.12.03"]
[Round "4.1"]
[White "Drtina, Milan"]
[Black "Kozak, Petr"]
[Result "1-0"]
[WhiteElo "2314"]
[BlackElo "2157"]
[PlyCount "65"]
[EventDate "2006.10.15"]
[EventType "team"]
[EventRounds "11"]
[EventCountry "CZE"]
[SourceTitle "EXT 2009"]
[Source "ChessBase"]
[SourceDate "2008.11.26"]
[SourceVersion "1"]
[SourceVersionDate "2008.11.26"]
[SourceQuality "1"]

1. e4 c5 2. c4 Nc6 3. Ne2 Nf6 4. Nbc3 e6 5. Nf4 Bd6 6. d3 Be5 7. g3 0-0 8. Bg2 d6 9. 0-0 Nd4 10. Nh3 Nd7 11. f4 Bf6 12. g4 g6 13. g5 Bg7 14. Nf2 f5 15. h4 e5 16. Ne2 Nxe2+ 17. Qxe2 exf4 18. Bxf4 Ne5 19. exf5 Rxf5 20. Bd5+ Kh8 21. Ne4 Qe7 22. Ng3 Rf8 23. Bxe5 Rxf1+ 24. Rxf1 Bxe5 25. Rf7 Bd4+ 26. Kh1 Qd8 27. h5 Bf5 28. Nxf5 gxf5 29. Rxf5 Qe8 30. Qxe8+ Rxe8 31. b3 b6 32. Rf7 Be3 33. g6 1-0

[Event "Liberec op"]
[Site "Liberec"]
[Date "2006.11.16"]
[Round "7"]
[White "Schiefner, Ray"]
[Black "Kozak, Petr"]
[Result "1/2-1/2"]
[WhiteElo "2010"]
[BlackElo "2157"]
[PlyCount "68"]
[EventDate "2006.11.11"]
[EventType "swiss"]
[EventRounds "9"]
[EventCountry "CZE"]
[SourceTitle "CBM 115 Extra"]
[Source "ChessBase"]
[SourceDate "2007.01.10"]
[SourceVersion "1"]
[SourceVersionDate "2007.01.10"]
[SourceQuality "1"]

1. e4 c5 2. Nf3 Nc6 3. Bb5 g6 4. Bxc6 dxc6 5. 0-0 Bg7 6. Nc3 e5 7. d3 Qe7 8. a4 Nf6 9. a5 Nd7 10. Nd2 Nf8 11. Ra3 Ne6 12. Na4 Rb8 13. Nc4 0-0 14. Be3 f5 15. f3 fxe4 16. dxe4 Rd8 17. Rd3 Nd4 18. c3 Be6 19. Nd2 c4 20. cxd4 cxd3 21. d5 cxd5 22. Bc5 Qg5 23. Bxa7 Rbc8 24. Rf2 dxe4 25. fxe4 Bf8 26. Bb6 Rd7 27. Nc3 Bc5 28. Bxc5 Rxc5 29. Qf3 Qf4 30. Qxf4 exf4 31. Rxf4 Rxa5 32. Rf6 Rf7 33. Rxe6 Ra1+ 34. Ncb1 Rc7 1/2-1/2

[Event "Liberec op"]
[Site "Liberec"]
[Date "2006.11.15"]
[Round "6"]
[White "Pawlowski, Slawomir"]
[Black "Kozak, Petr"]
[Result "1-0"]
[WhiteElo "2113"]
[BlackElo "2157"]
[PlyCount "47"]
[EventDate "2006.11.11"]
[EventType "swiss"]
[EventRounds "9"]
[EventCountry "CZE"]
[SourceTitle "CBM 115 Extra"]
[Source "ChessBase"]
[SourceDate "2007.01.10"]
[SourceVersion "1"]
[SourceVersionDate "2007.01.10"]
[SourceQuality "1"]

1. d4 Nf6 2. Nc3 d5 3. Bg5 e6 4. e4 dxe4 5. Nxe4 Be7 6. Bxf6 Bxf6 7. Nf3 Bd7 8. Nxf6+ Qxf6 9. c3 0-0 10. Bd3 Nc6 11. Qe2 Rfe8 12. Ne5 Rad8 13. 0-0 Ne7 14. f4 g6 15. g4 Qg7 16. Be4 Bc8 17. g5 h5 18. gxh6 Qxh6 19. Qg2 Nd5 20. Rf3 Re7 21. Raf1 f5 22. Bxd5 exd5 23. Rg3 Rd6 24. Nxg6 1-0

[Event "CZE-chT2e 0607"]
[Site "Czech Republic"]
[Date "2006.11.05"]
[Round "2.1"]
[White "Fuksik, Jakub"]
[Black "Kozak, Petr"]
[Result "1/2-1/2"]
[WhiteElo "2208"]
[BlackElo "2157"]
[PlyCount "81"]
[EventDate "2006.10.15"]
[EventType "team"]
[EventRounds "11"]
[EventCountry "CZE"]
[SourceTitle "EXT 2009"]
[Source "ChessBase"]
[SourceDate "2008.11.26"]
[SourceVersion "1"]
[SourceVersionDate "2008.11.26"]
[SourceQuality "1"]

1. e4 c5 2. Nf3 Nc6 3. Bb5 g6 4. Bxc6 dxc6 5. d3 Bg7 6. h3 Nf6 7. Nc3 Nd7 8. Be3 e5 9. Qd2 Qe7 10. 0-0-0 Nf8 11. g4 h6 12. Na4 b6 13. Rdg1 Ne6 14. Kb1 Bd7 15. Nc3 0-0-0 16. Ne2 Kb7 17. Nc1 Bc8 18. Qc3 Qc7 19. a4 Nd4 20. Nd2 Bf6 21. Nc4 Be7 22. Qa3 b5 23. axb5 cxb5 24. Na5+ Ka8 25. c3 c4 26. Qa2 cxd3 27. Nxd3 Be6 28. Qa1 Nb3 29. Nxb3 Rxd3 30. Qa5 Qxa5 31. Nxa5 Rc8 32. Kc2 Rd7 33. Bxh6 b4 34. Rg3 Rdc7 35. Bd2 Rb8 36. b3 Rb5 37. Ra1 Rcc5 38. Nc4 Bxc4 39. bxc4 Rxc4 40. Kd3 Rc7 41. cxb4 1/2-1/2

[Event "Pardubice op-A"]
[Site "Pardubice"]
[Date "2006.07.29"]
[Round "9"]
[White "Held, Florian"]
[Black "Kozak, Petr"]
[Result "1/2-1/2"]
[WhiteElo "2024"]
[BlackElo "2181"]
[PlyCount "59"]
[EventDate "2006.07.21"]
[EventType "swiss"]
[EventRounds "9"]
[EventCountry "CZE"]
[SourceTitle "CBM 113 Extra"]
[Source "ChessBase"]
[SourceDate "2006.09.14"]
[SourceVersion "1"]
[SourceVersionDate "2006.09.14"]
[SourceQuality "1"]

1. e4 c5 2. Nf3 Nc6 3. d4 cxd4 4. Nxd4 Nf6 5. Nc3 e5 6. Ndb5 d6 7. Bg5 a6 8. Na3 b5 9. Bxf6 gxf6 10. Nd5 f5 11. c3 Bg7 12. exf5 Bxf5 13. Nc2 0-0 14. Nce3 Bd7 15. Bd3 f5 16. Qh5 e4 17. Bc2 Ne5 18. 0-0 Ra7 19. f4 Nc4 20. Bb3 Be6 21. Qe2 Nxe3 22. Qxe3 Ra8 23. Rfd1 Kh8 24. Rd2 Bf7 25. Qh3 Bxd5 26. Bxd5 Qb6+ 27. Kh1 Rae8 28. Re1 b4 29. Qe3 Qxe3 30. Rxe3 1/2-1/2

[Event "Prague Visus op"]
[Site "Prague"]
[Date "2005.07.07"]
[Round "6"]
[White "Kozak, Petr"]
[Black "Simecek, Bohumil"]
[Result "1/2-1/2"]
[WhiteElo "2200"]
[BlackElo "2114"]
[PlyCount "122"]
[EventDate "2005.07.02"]
[EventType "swiss"]
[EventRounds "9"]
[EventCountry "CZE"]
[SourceTitle "CBM 107 Extra"]
[Source "ChessBase"]
[SourceDate "2005.09.01"]
[SourceVersion "1"]
[SourceVersionDate "2005.09.01"]
[SourceQuality "1"]

1. Nf3 Nf6 2. c4 c6 3. g3 d5 4. Bg2 Bf5 5. cxd5 cxd5 6. d3 Nc6 7. Qb3 Qd7 8. 0-0 e5 9. Rd1 Bc5 10. Nc3 d4 11. Na4 Bd6 12. Bd2 Rc8 13. Rdc1 Qe7 14. Bg5 0-0 15. Bxf6 gxf6 16. Nd2 Nb4 17. a3 Be6 18. Nc4 b5 19. axb4 bxc4 20. dxc4 Bxb4 21. Qd3 f5 22. Bh3 Qd7 23. c5 e4 24. Qa6 Rc6 25. Qb5 a5 26. Rd1 Rd8 27. Rxd4 Qxd4 28. Qxc6 Bd7 29. Qd6 Bxa4 30. Qxd4 Rxd4 31. Rxa4 Rc4 32. Bxf5 e3 33. fxe3 Rxc5 34. Bd3 Rc1+ 35. Kf2 Kg7 36. b3 h6 37. Ra2 Rc3 38. Bc4 Rc1 39. e4 f6 40. e3 Kg6 41. Kf3 Rc3 42. h4 h5 43. Ra1 Kg7 44. Bd5 Rd3 45. Rc1 Rc3 46. Rd1 Bc5 47. Re1 Bb6 48. Re2 Bc5 49. Be6 Bb6 50. Bd5 Bc5 51. g4 hxg4+ 52. Kxg4 Rxe3 53. Rg2 Kh6 54. Kf5 Rf3+ 55. Ke6 Rf4 56. Kf7 Kh5 57. Rh2 Bd4 58. Ke7 f5 59. Bf7+ Kh6 60. exf5 Rxf5 61. h5 Re5+ 1/2-1/2

[Event "Prague Visus op"]
[Site "Prague"]
[Date "2005.07.05"]
[Round "4"]
[White "Kozak, Petr"]
[Black "Cifka, Stanislav"]
[Result "0-1"]
[WhiteElo "2200"]
[BlackElo "2347"]
[PlyCount "98"]
[EventDate "2005.07.02"]
[EventType "swiss"]
[EventRounds "9"]
[EventCountry "CZE"]
[SourceTitle "CBM 107 Extra"]
[Source "ChessBase"]
[SourceDate "2005.09.01"]
[SourceVersion "1"]
[SourceVersionDate "2005.09.01"]
[SourceQuality "1"]

1. Nf3 c5 2. c4 b6 3. g3 Bb7 4. Bg2 Nf6 5. 0-0 e6 6. b3 Be7 7. e3 0-0 8. Bb2 Nc6 9. Nc3 Rc8 10. Qe2 d5 11. cxd5 Nxd5 12. Nxd5 Qxd5 13. Rfd1 Rfd8 14. d3 Qh5 15. h3 Ne5 16. Bxe5 Bxf3 17. Qxf3 Qxe5 18. d4 cxd4 19. Rxd4 Rxd4 20. exd4 Qxd4 21. Rd1 Qf6 22. Rd4 a5 23. Qxf6 Bxf6 24. Rd2 Rc1+ 25. Bf1 g5 26. Kg2 Be7 27. Bc4 Bc5 28. a4 Kg7 29. Re2 h6 30. Rd2 Kf6 31. Re2 Rd1 32. Kf3 Ke7 33. Kg2 Rd4 34. Kf3 h5 35. Re5 Kf6 36. Re2 h4 37. Re4 Rd2 38. Re2 Rd1 39. gxh4 gxh4 40. Re4 Rd2 41. Re2 Rd4 42. Re4 Rxe4 43. Kxe4 Bxf2 44. Ba6 Bg3 45. Bc8 Ke7 46. Bb7 f5+ 47. Kd3 Kf6 48. Bc8 e5 49. Bd7 Bf4 0-1

[Event "Prague Visus op"]
[Site "Prague"]
[Date "2005.07.02"]
[Round "1"]
[White "Kamenik, Robert"]
[Black "Kozak, Petr"]
[Result "0-1"]
[WhiteElo "1993"]
[BlackElo "2200"]
[PlyCount "40"]
[EventDate "2005.07.02"]
[EventType "swiss"]
[EventRounds "9"]
[EventCountry "CZE"]
[SourceTitle "CBM 107 Extra"]
[Source "ChessBase"]
[SourceDate "2005.09.01"]
[SourceVersion "1"]
[SourceVersionDate "2005.09.01"]
[SourceQuality "1"]

1. d4 Nf6 2. c4 g6 3. Nc3 d5 4. Nf3 Bg7 5. Bf4 0-0 6. cxd5 Nxd5 7. Nxd5 Qxd5 8. Bxc7 Nc6 9. e3 Bg4 10. h3 Bxf3 11. Qxf3 Qd7 12. Bg3 Nb4 13. Qd1 Qf5 14. Rc1 Rac8 15. Rxc8 Rxc8 16. a3 Nc2+ 17. Kd2 Qa5+ 18. Ke2 Qb5+ 19. Qd3 Qxb2 20. Kf3 Ne1+ 0-1

[Event "Marianske Lazne op"]
[Site "Marianske Lazne"]
[Date "2005.01.29"]
[Round "9.5"]
[White "Kozak, Petr"]
[Black "Ilandzis, Spyridon"]
[Result "1/2-1/2"]
[WhiteElo "2142"]
[BlackElo "2231"]
[PlyCount "113"]
[EventDate "2005.01.22"]
[EventType "swiss"]
[EventRounds "9"]
[EventCountry "CZE"]
[SourceTitle "CBM 104 Extra"]
[Source "ChessBase"]
[SourceDate "2005.03.01"]
[SourceVersion "1"]
[SourceVersionDate "2005.03.01"]
[SourceQuality "1"]

1. Nf3 Nf6 2. c4 e6 3. g3 b6 4. Bg2 Bb7 5. b3 c5 6. Bb2 Be7 7. 0-0 0-0 8. e3 d6 9. Nc3 Nbd7 10. d4 Ne4 11. Qc2 f5 12. Rfd1 Qc8 13. Rac1 Ndf6 14. h3 cxd4 15. exd4 f4 16. Nxe4 Bxe4 17. Qe2 fxg3 18. fxg3 Qb7 19. Ng5 Bxg2 20. Qxg2 Qxg2+ 21. Kxg2 Ng4 22. hxg4 Bxg5 23. Rc2 Rf6 24. d5 e5 25. Rf1 Rxf1 26. Kxf1 Be3 27. Ba3 Rf8+ 28. Kg2 Rd8 29. Kf3 Bd4 30. Ke4 Kf7 31. Rc1 Kg6 32. Rf1 Rd7 33. Bc1 Bc5 34. Bd2 a5 35. Rf5 Rf7 36. Rxf7 Kxf7 37. Bc1 Kf6 38. Bd2 Kg6 39. Bc1 Bf2 40. Kf3 Bc5 41. Ke4 Kf6 42. Bd2 Ke7 43. Bc1 Kd7 44. Bd2 Kc7 45. Be1 Bb4 46. Bf2 Kb7 47. Be3 Be1 48. Kf3 a4 49. g5 Ka6 50. g4 Bb4 51. Ke4 g6 52. Bc1 axb3 53. axb3 b5 54. Be3 bxc4 55. bxc4 Kb7 56. Kd3 Kc7 57. Ke4 1/2-1/2

[Event "CZE-chT2e 0405"]
[Site "Czech Republic"]
[Date "2005.01.16"]
[Round "6.2"]
[White "Pecina, Michal"]
[Black "Kozak, Petr"]
[Result "1/2-1/2"]
[WhiteElo "2194"]
[BlackElo "2158"]
[PlyCount "52"]
[EventDate "2004.10.17"]
[EventType "team"]
[EventRounds "11"]
[EventCountry "CZE"]
[SourceTitle "EXT 2007"]
[Source "ChessBase"]
[SourceDate "2006.11.23"]
[SourceVersion "1"]
[SourceVersionDate "2006.11.23"]
[SourceQuality "1"]

1. d4 Nf6 2. c4 g6 3. Nc3 d5 4. cxd5 Nxd5 5. e4 Nxc3 6. bxc3 Bg7 7. Be3 c5 8. Qd2 Qa5 9. Rc1 0-0 10. Nf3 Bg4 11. Ng5 cxd4 12. cxd4 Qxd2+ 13. Kxd2 h6 14. h3 Bd7 15. Nf3 e6 16. Bd3 Nc6 17. Rb1 b6 18. Rhc1 Rfd8 19. Ba6 Rab8 20. Ke2 g5 21. g4 Bc8 22. Bxc8 Rbxc8 23. Rd1 Na5 24. Rbc1 Nc4 25. d5 exd5 26. Rxd5 Nxe3 1/2-1/2

[Event "CZE-chT2e 0405"]
[Site "Czech Republic"]
[Date "2004.12.19"]
[Round "5.2"]
[White "Kozak, Petr"]
[Black "Knotek, Josef"]
[Result "1-0"]
[WhiteElo "2158"]
[BlackElo "2245"]
[PlyCount "61"]
[EventDate "2004.10.17"]
[EventType "team"]
[EventRounds "11"]
[EventCountry "CZE"]
[SourceTitle "EXT 2007"]
[Source "ChessBase"]
[SourceDate "2006.11.23"]
[SourceVersion "1"]
[SourceVersionDate "2006.11.23"]
[SourceQuality "1"]

1. e4 d6 2. d4 Nf6 3. Nc3 g6 4. Be3 c6 5. Qd2 Qc7 6. f3 Nbd7 7. Nge2 b5 8. a3 Bb7 9. g4 a5 10. Ng3 Nb6 11. Bd3 h5 12. g5 Nfd7 13. h4 Bg7 14. Nce2 Nc4 15. Bxc4 bxc4 16. c3 c5 17. f4 e6 18. 0-0 f5 19. exf5 gxf5 20. Kh2 Ra6 21. Rf2 Rb6 22. Rd1 Kf7 23. Ng1 Kg6 24. Qc2 Rb3 25. d5 Ne5 26. fxe5 Bxe5 27. Bf4 Bc8 28. Bxe5 dxe5 29. d6 Qd7 30. Nf3 Kg7 31. Nxe5 1-0

[Event "CZE-chT2e 0405"]
[Site "Czech Republic"]
[Date "2004.12.05"]
[Round "4.2"]
[White "Pokorny, Tomas"]
[Black "Kozak, Petr"]
[Result "1/2-1/2"]
[WhiteElo "2255"]
[BlackElo "2158"]
[PlyCount "119"]
[EventDate "2004.10.17"]
[EventType "team"]
[EventRounds "11"]
[EventCountry "CZE"]
[SourceTitle "EXT 2007"]
[Source "ChessBase"]
[SourceDate "2006.11.23"]
[SourceVersion "1"]
[SourceVersionDate "2006.11.23"]
[SourceQuality "1"]

1. d4 Nf6 2. c4 g6 3. Nc3 d5 4. cxd5 Nxd5 5. e4 Nxc3 6. bxc3 Bg7 7. Be3 c5 8. Qd2 Qa5 9. Nf3 Nc6 10. Rc1 0-0 11. d5 Rd8 12. c4 Qxd2+ 13. Nxd2 Nd4 14. Nb3 b6 15. Nxd4 cxd4 16. Bf4 e6 17. Bc7 Rd7 18. d6 Ba6 19. c5 Bxf1 20. Rxf1 bxc5 21. Rxc5 e5 22. Ke2 f5 23. Kd3 Re8 24. Kc4 fxe4 25. Kd5 Kf7 26. Re1 d3 27. Kxe4 Bf8 28. Rxe5 Bxd6 29. Bxd6 Rxd6 30. Rxe8 Kxe8 31. Rd1 Ra6 32. Rd2 Ra3 33. f4 Ke7 34. g4 Kf6 35. Rf2 h6 36. h4 Ke6 37. Kd4 Kf6 38. Kc4 d2 39. Rxd2 Ra4+ 40. Kc5 Rxf4 41. Rd6+ Kf7 42. Rd4 Rf2 43. a4 Rh2 44. g5 hxg5 45. hxg5 Rg2 46. Rd7+ Ke6 47. Rxa7 Kf5 48. a5 Kxg5 49. Rb7 Ra2 50. Rb5 Kf4 51. Kb6 g5 52. a6 Rh2 53. a7 Rh8 54. Ka6 Ra8 55. Rb8 Rxa7+ 56. Kxa7 g4 57. Kb6 g3 58. Kc5 g2 59. Rg8 Kf3 60. Rxg2 1/2-1/2

[Event "Havlickuv Brod Vysocina op"]
[Site "Havlickuv Brod"]
[Date "2004.09.23"]
[Round "6"]
[White "Pertlova, Sona"]
[Black "Kozak, Petr"]
[Result "1/2-1/2"]
[WhiteElo "2098"]
[BlackElo "2158"]
[PlyCount "55"]
[EventDate "2004.09.18"]
[EventType "swiss"]
[EventRounds "9"]
[EventCountry "CZE"]
[SourceTitle "EXT 2006"]
[Source "ChessBase"]
[SourceDate "2005.11.24"]
[SourceVersion "1"]
[SourceVersionDate "2005.11.24"]
[SourceQuality "1"]

1. e4 c5 2. Nf3 Nc6 3. d4 cxd4 4. Nxd4 Nf6 5. Nc3 e5 6. Ndb5 d6 7. Bg5 a6 8. Na3 d5 9. Nxd5 Bxa3 10. bxa3 Qa5+ 11. Bd2 Qd8 12. Bg5 Qa5+ 13. Qd2 Qxd2+ 14. Bxd2 Nxd5 15. exd5 Nd4 16. Bd3 0-0 17. c4 Bf5 18. Bxf5 Nxf5 19. Rc1 Rfd8 20. Ba5 Rd7 21. Bb6 Rc8 22. 0-0 h5 23. a4 Nd6 24. c5 Nf5 25. d6 Nd4 26. Rfe1 f6 27. Kf1 Kf7 28. Ba5 1/2-1/2

[Event "Znojmo Hostan op"]
[Site "Znojmo"]
[Date "2003.??.??"]
[Round "4.5"]
[White "Kozak, Petr"]
[Black "Stross, Frantisek"]
[Result "1-0"]
[WhiteElo "2056"]
[BlackElo "2229"]
[PlyCount "101"]
[EventDate "2003.09.??"]
[EventType "swiss"]
[EventRounds "8"]
[EventCountry "CZE"]
[SourceTitle "CBM 096 Extra"]
[Source "ChessBase"]
[SourceDate "2003.10.22"]
[SourceVersion "2"]
[SourceVersionDate "2003.10.20"]
[SourceQuality "1"]

1. e4 c5 2. Nc3 Nc6 3. g3 d6 4. Bg2 e6 5. d3 Nf6 6. f4 Be7 7. Nf3 0-0 8. 0-0 Rb8 9. h3 b5 10. a3 a5 11. Ne2 b4 12. a4 c4 13. Be3 b3 14. c3 Ba6 15. Ned4 Nxd4 16. Nxd4 Qc7 17. dxc4 Bxc4 18. Re1 d5 19. e5 Ne4 20. Qg4 g6 21. Bf1 Bxf1 22. Rxf1 Qd7 23. Qf3 Nc5 24. g4 Nxa4 25. Rf2 Nc5 26. f5 exf5 27. Bh6 Rfe8 28. gxf5 Bf8 29. Bxf8 Rxf8 30. Rxa5 Ne4 31. Rg2 Rbe8 32. Qf4 Kh8 33. e6 fxe6 34. Qe5+ Nf6 35. fxe6 Qe7 36. Rxd5 Kg8 37. Rb5 Qa7 38. Ra5 Qb7 39. Rf2 Qg7 40. Rc5 Qa7 41. Ra5 Qe7 42. Nxb3 Ng4 43. hxg4 Qh4 44. Rg2 Rf3 45. Ra7 Rf6 46. Nd4 Ref8 47. Nf5 gxf5 48. gxf5+ Kh8 49. Rf7 Qh6 50. Qxf6+ Qxf6 51. Rxf6 1-0